000 00267nam a2200109Ia 4500
008 190906s9999||||xx |||||||||||||| ||und||
100 _a S. Zeeshan Arshad
245 0 _aBusiness Ethics in Pakistan
260 _aNew Jersey
_bThomson
_c2006
300 _a412
942 _cBK
999 _c6104
_d6104